000 00628nam a2200253Ia 4500
005 20260121160958.0
008 008 260114s9999 xx 000 0 eng d
020 _a9780203127322
037 _aEBOOK
040 _aCRL
040 _beng
040 _cCRL
041 _2eng
041 _aeng
084 _qCRL
100 _a Patti McGill Peterson
_91038708
245 0 _aConfronting Challenges to the Liberal Arts Curriculum
260 _bTaylor and Francis
260 _c2012
856 _uhttp://www.taylorfrancis.com/books/9780203127322
942 _cEBOOK
999 _c1605524
_d1605524